| 000 | 00692nam a2200253 i 4500 | ||
|---|---|---|---|
| 003 | DO-SdBNP | ||
| 005 | 20240827094551.0 | ||
| 007 | ta | ||
| 008 | 240827b1963 sp ||||| |||| 00| 0 spa d | ||
| 020 | _a161451963 | ||
| 040 |
_aDO-SdBNP _bspa _cBNPHU _erda |
||
| 082 | 4 | _222 | |
| 245 | 0 | 0 | _aNúmero homenaje a S. y J. Alvarez Quintero |
| 264 |
_aMadrid : _bEdiciones ALFIL, _c1963. |
||
| 300 |
_a286 páginas ; _c16 cm. |
||
| 336 |
_2rdacontent _atexto _btxt |
||
| 337 |
_2rdamedia _asin mediación _bn |
||
| 338 |
_2rdacarrier _avolumen _bnc |
||
| 490 |
_aTeatro _v400 |
||
| 586 | _aPremio Nacional de Teatro | ||
| 590 | _aInventariado, 2024/BT | ||
| 910 | _aBtavárez | ||
| 942 |
_2ddc _cLBS1 |
||
| 999 |
_c57557 _d57557 |
||